000 02120cam a22002891i 4500
003 SA-RiAUC
005 20250529055706.0
008 250511s1999____le g 000r0aara c
020 _a9960969258
040 _aSA-RiSU
_bara
_cSA-RiAUC
_erda
082 0 4 _a922.113
_qSA-RiAUC
090 _a922.113
_bس ب ا
100 1 _aالسباعي، مصطفى،
_d1915-1964
_eمؤلف.
245 1 0 _aهكذا علمتني الحياة /
_cمصطفى السباعي.
250 _aالطبعة الأولى.
264 1 _aبيروت :
_aدمشق :
_bدار الوراق ؛
_bدار النيريين،
_c1999
300 _a396 صفحة ؛
_c20 سم
336 _aنص
_btxt
_2rdacontent
_3كتاب
337 _aبدون وسيط
_bn
_2rdamedia
338 _aمجلد
_bnc
_2rdacarrier
600 1 7 _aالسباعي، مصطفى،
_d1915-1964
_vيوميات
_2aucnm
650 7 _aالدعاة المصريون
_vتراجم
_2aucsh
856 _uhttp://saaid.net/book/open.php?cat=8&book=7927
_yExternal Link
_2 نرجو الانتباه لإمكانية وجود اختلاف في الطبعة أو الناشر بين البيانات على البوابة وما ستجده على الكتاب نظرا لمحدودية المعلومات المتاحة على الموقع الناشر للمادة.
_3Please note that there may be a difference in the edition or publisher between the data on the portal and the book due to the limited information available on the publisher website for the material.
856 _uhttp://saaid.net/book/15/6560.rar
_yDigital Copy
_2 نرجو الانتباه لإمكانية وجود اختلاف في الطبعة أو الناشر بين البيانات على البوابة وما ستجده على الكتاب نظرا لمحدودية المعلومات المتاحة على الموقع الناشر للمادة.
_3Please note that there may be a difference in the edition or publisher between the data on the portal and the book due to the limited information available on the publisher website for the material.
942 _2ddc
_cBOOK
_n0
949 _aSA-JeALM
_d250511
_umohamedma123
_n1
999 _c8447
_d8447